| 000 | 003460000a22000970004500 | ||
|---|---|---|---|
| 100 | 1 | _aNeira, Armando | |
| 245 | 1 | 0 | _aEste país que mata niños : Balas de diversos orígenes han convertido a Colombia en uno de los sitios más peligrosos para la infancia |
| 300 | _aVol. 4, Num. 4 (Julio, 1993), Páginas 12-19 | ||
| 773 | 0 | _tCambio 16 | |
| 942 | _cANA | ||
| 999 |
_c58509 _d58509 |
||